LEADER 01150nam a2200253 u 4500 001 000000143510 003 CaOOAMICUS 005 20150521163312.0 008 150521s1887 fr a u000 u fre u 040 $aPUL$bita 100 1 $aJoyau, Charles-Anatole, O.P.$0(OLS)http://pul/name/92233 245 10$aSaint Thomas d'Aquin patron des écoles catholiques:$bouvrage dedié à la jeunesse /$cpar Charles-Anatole Joyau OP. 250 $a4a ed. 260 $aLyon :$bVitte et Perrussel,$c[1887] 300 $axx, 393 p.$c23 cm 600 04$aThomas Aquinas,$cs.,$dc. 1225-1274.$0(OLS)http://pul/subject/448 600 04$aThomas Aquinas,$cs.,$dc. 1225-1274$xBiografia.$0(OLS)http://pul/subject/6683 850 $aPUL 852 $aPUL$W1$xDP1 Religione 1$y20$m639 D 28$j165654$qStampati$B165919$CPULBib$Z2$F165919 $82 941 1 $a8 960 $aTommaso d'Aquino,$cs.,$d1225-1274$9448 961 $aNota ms.: "ex legato E.mi Card. Della Volpe" 996 $6245$aSaint Thomas d'Aquin patron des écoles catholiques:$bouvrage dedié à la jeunesse$9(OLS)http://pul/title/181591 996 $6260$aLyon :$bVitte et Perrussel$9(OLS)http://pul/publisher/83416 LEADER 01292nam a2200265 u 4500 001 000000078935 003 CaOOAMICUS 005 20070226123502.0 008 040317s2003 it u000 u eng u 035 $a10995899 040 $aPUL$bita 100 1 $aKhalil, Asem.$0(OLS)http://pul/name/52601 245 10$aWhich constitution for the Palestinian legal system? /$cAsem Khalil. 260 $aRoma :$bPontificia Università Lateranense,$c2003. 300 $a190 p. ;$c24 cm 490 1 $aPontificia Universitas Lateranensis. Institutum Utriusque Iuris. Theses ad Doctoratum in Utroque Jure. 502 $aDiss. (doct.) -- Pontificia Universitas Lateranensis. 504 $aBibliografia: p. 165-190. 650 4$aDiritto costituzionale$zPaesi Arabi.$0(OLS)http://pul/subject/27473 830 0$aTheses ad doctoratum in Utroque Iure (Pontificia Universitas Lateranensis).$0(OLS)http://pul/title/103322 850 $aPUL 852 $aPUL$W1$xDP1 Tesi Pon Univ. Lateranense$y41$mTH PUL 1091$j101128$nBK-PRI$b $qTesi$B101128$CPULBib$Z2$F101128 $HPUL94442 $81 941 1 $a16 996 $6245$aWhich constitution for the Palestinian legal system?$9(OLS)http://pul/title/103321 996 $6260$aRoma :$bPontificia Università Lateranense$9(OLS)http://pul/publisher/47963 LEADER 02765nam a2200493 a 4500 001 000000131348 003 CaOOAMICUS 005 20140606115630.0 008 121115a20129999it u000 u ita r 020 $a978-88-598-0674-5 (v. 1) 020 $a978-88-598-0675-2 (v. 2) 020 $a978-88-598-0896-1 (v. 4) 020 $a978-88-598-0676-9 (v. 3) 040 $aPUL$bita 082 04$a346.45 245 00$aDella proprietà /$ca cura di Antonio Jannarelli, Francesco Macario. 260 $aTorino :$bUTET Giuridica,$c©2012- 300 $a v. ;$c24 cm. 490 1 $aCommentario del codice civile / diretto da Enrico Gabrielli 504 $aBibliografia in nota. 505 1 $aV. 1. Artt. 810-868 / Michele Carnevale ... [et al.]. v. 2. Artt. 869-1099 / Irene Canfora ... [et al.]. -- v. 3. Artt. 1100-1172 / Ferruccio Auletta ... [et al.]. -- v. 4. Leggi collegate / Irene Canfora ... [et al.]. 650 4$aDiritto privato$zItalia.$0(OLS)http://pul/subject/1235 650 4$aProprietà privata.$0(OLS)http://pul/subject/38446 700 1 $aJannarelli, Antonio.$0(OLS)http://pul/name/29562 700 1 $aMacario, Francesco,$d1960-$0(OLS)http://pul/name/71528 700 1 $aCarnevale, Michele.$0(OLS)http://pul/name/84405 700 1 $aCanfora, Irene.$0(OLS)http://pul/name/84404 700 1 $aGabrielli, Enrico$b1956-$0(OLS)http://pul/name/44662 700 1 $aAuletta, Ferruccio.$0(OLS)http://pul/name/33120 830 0$aCommentario del codice civile (UTET).$0(OLS)http://pul/title/152396 850 $aPUL 852 $aPUL$W1$xSL Diritto e Scienze Sociali 3$y79$m346. 45 GABEN 1.5.2$j147457$av. 2$qDDC 21$B150543$CPULBib$Z2$F150543 $H121002 $82 852 $aPUL$W1$xSL Diritto e Scienze Sociali 3$y79$m346. 45 GABEN 1.5.1$j160016$av. 1$qDDC 21$B150542$CPULBib$Z2$F150542 $H121001 $82 852 $aPUL$W1$xSL Diritto e Scienze Sociali 3$y79$m346. 45 GABEN 1.5.3$j160017$av. 3$qDDC 21$B155267$CPULBib$Z2$F155267 $H122785 $82 852 $aPUL$W1$xSL Diritto e Scienze Sociali 3$y79$m346. 45 GABEN 1.5.4$j160018$av. 4$qDDC 21$B153191$CPULBib$Z2$F153191 $H122090 $82 941 1 $a9 996 $6020$a978-88-598-0676-9 (v. 3)$9(OLS)http://pul/number/153435 996 $6020$a978-88-598-0896-1 (v. 4)$9(OLS)http://pul/number/152522 996 $6020$a978-88-598-0674-5 (v. 1)$9(OLS)http://pul/number/151051 996 $6020$a978-88-598-0675-2 (v. 2)$9(OLS)http://pul/number/151052 996 $6082$a346.45$9(OLS)http://pul/classification/372 996 $6245$aDella proprietà$9(OLS)http://pul/title/165927 996 $6260$aTorino :$bUTET Giuridica$9(OLS)http://pul/publisher/79191